|
|
|
|
| LEADER |
04294nam a2200601 4500 |
| 001 |
978-3-540-39845-5 |
| 003 |
DE-He213 |
| 005 |
20191022032055.0 |
| 007 |
cr nn 008mamaa |
| 008 |
121227s2003 gw | s |||| 0|eng d |
| 020 |
|
|
|a 9783540398455
|9 978-3-540-39845-5
|
| 024 |
7 |
|
|a 10.1007/b13478
|2 doi
|
| 040 |
|
|
|d GrThAP
|
| 050 |
|
4 |
|a QA76.9.D35
|
| 050 |
|
4 |
|a Q350-390
|
| 072 |
|
7 |
|a UMB
|2 bicssc
|
| 072 |
|
7 |
|a COM031000
|2 bisacsh
|
| 072 |
|
7 |
|a UMB
|2 thema
|
| 072 |
|
7 |
|a GPF
|2 thema
|
| 082 |
0 |
4 |
|a 005.73
|2 23
|
| 245 |
1 |
0 |
|a Databases in Networked Information Systems
|h [electronic resource] :
|b Third International Workshop, DNIS 2003, Aizu, Japan, September 22-24, 2003, Proceedings /
|c edited by Nadia Bianchi-Berthouze.
|
| 250 |
|
|
|a 1st ed. 2003.
|
| 264 |
|
1 |
|a Berlin, Heidelberg :
|b Springer Berlin Heidelberg :
|b Imprint: Springer,
|c 2003.
|
| 300 |
|
|
|a X, 269 p.
|b online resource.
|
| 336 |
|
|
|a text
|b txt
|2 rdacontent
|
| 337 |
|
|
|a computer
|b c
|2 rdamedia
|
| 338 |
|
|
|a online resource
|b cr
|2 rdacarrier
|
| 347 |
|
|
|a text file
|b PDF
|2 rda
|
| 490 |
1 |
|
|a Lecture Notes in Computer Science,
|x 0302-9743 ;
|v 2822
|
| 505 |
0 |
|
|a Web Intelligence -- The World Wide Wisdom Web (W4) -- Web Information Personalization: Challenges and Approaches -- An Adaptive E-commerce Personalization Framework with Application in E-banking -- Accessing Hidden Web Documents by Metasearching a Directory of Specialty Search Engines -- Hidden Schema Extraction in Web Documents -- Automatically Customizing Service Pages on the Web for Mobile Devices -- Information Interchange and Management Systems -- Author-X - A System for Secure Dissemination and Update of XML Documents -- What's Wrong with Wrapper Approaches in Modeling Information System Integration and Interoperability? -- Browsing and Editing XML Schema Documents with an Interactive Editor -- On-Line Analysis of a Web Data Warehouse -- Web Information Integration Based on Compressed XML -- Information Interchange among Cyber Communities -- Supporting the Conversational Knowledge Process in the Networked Community -- Intelligent Management of SLAs for Composite Web Services -- PC Cluster Based Parallel Frequent Pattern Mining and Parallel Web Access Pattern Mining -- NetIsle: A Hybrid Peer-to-Peer Groupware System Based on Push Technology for Small Group Collaboration -- An Improved Optimistic and Fault-Tolerant Replication Protocol -- Knowledge - Annotation and Visualization -- Visual Data Mining of Large Spatial Data Sets -- An Analysis and Case Study of Digital Annotation -- Vectorization of Graphical Components in Sketch-Based Interfaces -- A Data Placement Method of HSM for Streaming Media Server in Network Environment -- Application of Active Real-Time Objects and Rules in Semantic Web.
|
| 650 |
|
0 |
|a Data structures (Computer science).
|
| 650 |
|
0 |
|a Database management.
|
| 650 |
|
0 |
|a Computer communication systems.
|
| 650 |
|
0 |
|a Information storage and retrieval.
|
| 650 |
|
0 |
|a Application software.
|
| 650 |
|
0 |
|a Multimedia information systems.
|
| 650 |
1 |
4 |
|a Data Structures and Information Theory.
|0 http://scigraph.springernature.com/things/product-market-codes/I15009
|
| 650 |
2 |
4 |
|a Database Management.
|0 http://scigraph.springernature.com/things/product-market-codes/I18024
|
| 650 |
2 |
4 |
|a Computer Communication Networks.
|0 http://scigraph.springernature.com/things/product-market-codes/I13022
|
| 650 |
2 |
4 |
|a Information Storage and Retrieval.
|0 http://scigraph.springernature.com/things/product-market-codes/I18032
|
| 650 |
2 |
4 |
|a Information Systems Applications (incl. Internet).
|0 http://scigraph.springernature.com/things/product-market-codes/I18040
|
| 650 |
2 |
4 |
|a Multimedia Information Systems.
|0 http://scigraph.springernature.com/things/product-market-codes/I18059
|
| 700 |
1 |
|
|a Bianchi-Berthouze, Nadia.
|e editor.
|4 edt
|4 http://id.loc.gov/vocabulary/relators/edt
|
| 710 |
2 |
|
|a SpringerLink (Online service)
|
| 773 |
0 |
|
|t Springer eBooks
|
| 776 |
0 |
8 |
|i Printed edition:
|z 9783662195376
|
| 776 |
0 |
8 |
|i Printed edition:
|z 9783540201113
|
| 830 |
|
0 |
|a Lecture Notes in Computer Science,
|x 0302-9743 ;
|v 2822
|
| 856 |
4 |
0 |
|u https://doi.org/10.1007/b13478
|z Full Text via HEAL-Link
|
| 912 |
|
|
|a ZDB-2-SCS
|
| 912 |
|
|
|a ZDB-2-LNC
|
| 912 |
|
|
|a ZDB-2-BAE
|
| 950 |
|
|
|a Computer Science (Springer-11645)
|